farmer field school on watermelon in romdoul district svayrieng province (សាលារៀនស្រែដសិករលើដំណាំឪឡឹកនៅស្រុករំដូល ខេត្តស្វាយរៀង) (Record no. 640)

000 -LEADER
fixed length control field 00590nam a22001577a 4500
003 - CONTROL NUMBER IDENTIFIER
control field OSt
005 - DATE AND TIME OF LATEST TRANSACTION
control field 20150917111617.0
008 - FIXED-LENGTH DATA ELEMENTS--GENERAL INFORMATION
fixed length control field 150917b xxu||||| |||| 00| 0 eng d
040 ## - CATALOGING SOURCE
Transcribing agency RUA
082 ## - DEWEY DECIMAL CLASSIFICATION NUMBER
Classification number AGR PON 2004 B030 Or.1
100 ## - MAIN ENTRY--PERSONAL NAME
9 (RLIN) 663
Personal name PONG, LEANGON.
245 ## - TITLE STATEMENT
Title farmer field school on watermelon in romdoul district svayrieng province (សាលារៀនស្រែដសិករលើដំណាំឪឡឹកនៅស្រុករំដូល ខេត្តស្វាយរៀង)
260 ## - PUBLICATION, DISTRIBUTION, ETC. (IMPRINT)
Place of publication, distribution, etc. Phnom Penh
Name of publisher, distributor, etc. RUA
Date of publication, distribution, etc. 2004
300 ## - PHYSICAL DESCRIPTION
Extent 76p.
Other physical details ill.
Dimensions 29cm.
942 ## - ADDED ENTRY ELEMENTS (KOHA)
Source of classification or shelving scheme
Koha item type AGR
Holdings
Price effective from Date last seen Permanent Location Not for loan Date acquired Source of classification or shelving scheme Koha item type Lost status Withdrawn status Total Renewals Date last checked out Total Checkouts Damaged status Barcode Current Location Full call number
2015-09-172016-06-06Library Block B 2015-09-17 AGR   2016-05-171 RUA001112Library Block BAGR PON 2004 B030 Or.1
2015-09-182016-09-02Library Block B 2015-09-18 AGR   2016-08-231 RUA001545Library Block BAGR PON 2004 B030 Or.2
2015-09-182021-08-24Library Block B 2015-09-18 AGR  12021-06-143 RUA001500Library Block BAGR PON 2004 B030 Or.3
មជ្ឈមណ្ឌលឯការនៃសាកលវិទ្យាល័យភូមិន្ទកសិកម្មចំការដូង

Powered by Koha